00417nam a2200133 a 4500008004100000020001800041050001600059100001700075245011100092250001700203260002500220300001500245650002300260210303s2012 ||||||||||||||||| || u a9785865475637 aPG 2900 Max aMaximov, V.I10aGrammar reference: systematic and functional system of writing Russian grammar (2nd edition))cV.I Maximov a2nd edition  aSt. Petersburgc2012 a218 pages  aRUSSIAN LITERATURE